Deconstruction /

Պահպանված է:
Մատենագիտական մանրամասներ
Հիմնական հեղինակ: Benjamin, Andrew
Ձևաչափ: Տեքստ
Ցուցիչներ: Ավելացրեք ցուցիչ
Չկան պիտակներ, Եղեք առաջինը, ով նշում է այս գրառումը!

MARC

LEADER 00000 a a2200000 04500
001 46605
003
040
100 |a Benjamin, Andrew  
245 |a Deconstruction /  |c Andrew Benjamin  
773 |g páginas 81-90  
999 |c 27169  |d 27169